书目信息 |
| 题名: |
韩国语外来词典
|
|
| 作者: | 史峰 主编 | |
| 分册: | ||
| 出版信息: | 北京 商务印书馆 2001.04 |
|
| 页数: | 455页 | |
| 开本: | 20cm | |
| 丛书名: | ||
| 单 册: | ||
| 中图分类: | H513-61 | |
| 科图分类: | ||
| 主题词: | 突厥语支 | |
| 电子资源: | ||
| ISBN: | 7-100-02892-2 | |
| 000 | 00561nam0 2200193 450 | |
| 001 | 1955022604 | |
| 005 | 20190404151930.40 | |
| 010 | @a7-100-02892-2@dCNY35.00 | |
| 100 | @a20190404d2001 km y0chiy0120 ea | |
| 101 | 0 | @achi |
| 102 | @aCN@b110000 | |
| 200 | 1 | @a韩国语外来词典@Ahan guo yu wai lai ci dian@f史峰主编@Fshi feng zhu bian |
| 210 | @a北京@c商务印书馆@d2001.04 | |
| 215 | @a455页@d20cm | |
| 606 | 0 | @a突厥语支 |
| 690 | @aH513-61@v4 | |
| 701 | 0 | @a史峰@Ashi feng@4主编 |
| 801 | 0 | @aCN@b大连网信软件有限公司图书馆·11@c20190404 |
| 905 | @aZUCC@dH513-61@e48 | |
| 韩国语外来词典/史峰主编.-北京:商务印书馆,2001.04 |
| 455页;20cm |
| ISBN 7-100-02892-2:CNY35.00 |
| ● |
| 相关链接 |
|
|
|
|
正题名:韩国语外来词典
索取号:H513-61/48
 
预约/预借
| 序号 | 登录号 | 条形码 | 馆藏地/架位号 | 状态 | 备注 |
| 1 | 1055012 | 210550125 | 国际交流中心/ [索取号:H513-61/48] | 在馆 |